[Event "23rd Hoogeveen Open 2019"]
[Site "Hoogeveen"]
[Date "2019.10.25"]
[Round "8.1"]
[White "Basso, Pier Luigi"]
[Black "Pruijssers, Roeland"]
[Result "0-1"]
[WhiteElo "2575"]
[BlackElo "2550"]
[Annotator "TA"]
[PlyCount "128"]
[EventDate "2019.10.19"]
[EventType "swiss"]
[EventCountry "NED"]
[SourceTitle "playchess.com"]
[Source "ChessBase"]
[SourceQuality "1"]

{[%evp 9,128,20,20,2,6,0,0,0,5,3,17,7,11,0,0,0,7,-10,-10,-10,-10,-10,-9,-8,-8,-24,-9,-24,29,15,15,15,12,10,13,13,16,10,17,7,50,30,42,22,29,29,20,0,0,0,0,0,0,-141,-168,-158,-156,-159,-134,-192,-193,-193,-193,-193,-152,-193,-151,-243,-154,-250,-243,-227,-228,-211,-152,-168,-170,-211,-211,-211,-186,-402,-147,-211,0,-1279,-178,-1333,-1430,-726,-551,-4945,-4871,-4045,-3760,-1381,-1236,-1055,-514,-29965,-5591,-29976,-29977,-29977,-29978,-29978,-29979,-29979,-29978,-29978,-29977,-29977,-29978,-29978,0,-29979,-29980,-29985,-29986,-29986,-29984]} 1. d4 d5 2. c4 e6 3. Nc3 Nf6 4. Nf3 Be7 5. Bf4 O-O 6. a3 {D37: Queen's Gambit Declined: 5 Bf4} (6. e3 Nbd7 7. Be2 dxc4 8. O-O c5 9. dxc5 Nxc5 10. Bxc4 Qxd1 11. Rfxd1 b6 12. Bd6 Bxd6 13. Rxd6 Bb7 14. Rad1 Bxf3 15. gxf3 Rfc8 16. Be2 g5 17. R6d4 Kf8 18. f4 gxf4 19. Rxf4 {1-0 (67) Ding,L (2811)-Firouzja,A (2702) Khanty-Mansiysk 2019}) 6... dxc4 7. e3 Nd5 8. Bxc4 {The position is equal.} Nxf4 9. exf4 Bf6 10. O-O Nc6 {[%cal Rc6d4]} 11. Ne2 Ne7 $146 ({Predecessor:} 11... b6 12. Qc2 Ne7 13. Rad1 Bb7 {½-½ (35) Kraft,D (2466)-Leiner,R (2357) ICCF email 2015}) 12. Qc2 Bd7 13. Bd3 g6 14. Be4 Bc6 15. Bxc6 Nxc6 16. Rad1 Ne7 17. g3 Rc8 18. Nc3 Nf5 ({Black should try} 18... c6) 19. d5 $36 {[%mdl 2048] Black is under pressure.} Bxc3 $1 20. dxe6 Nd4 ({Reject} 20... Bd4 $6 21. Nxd4 Nxd4 22. Qe4 $16) 21. Nxd4 Bxd4 22. Qe4 {[#] Strongly threatening e7.} Bxf2+ $1 {[%mdl 512]} 23. Kxf2 (23. Rxf2 Qxd1+) 23... Qf6 24. e7 Qxb2+ 25. Kg1 $1 Rfe8 26. f5 {And now f6 would win.} Qf6 27. fxg6 Qb6+ 28. Rf2 hxg6 29. Rd5 c5 {Threatens to win with ...c4.} 30. Rd7 c4 {aiming for ...c3.} 31. Rxb7 (31. Qd5 $11 Qe6 32. Qxe6 (32. Qxb7 c3 $17) 32... fxe6 33. Rxb7) 31... Qc5 $17 32. Kg2 c3 {...c2 is the strong threat.} 33. Rc2 Qxa3 34. Qe5 (34. h4 $17) 34... a5 $19 35. h4 Qc5 36. Qxc5 Rxc5 {[%mdl 4096] Endgame KRR-KRR} 37. Kf3 f6 38. Ke4 (38. Rb3 $17) 38... Re5+ 39. Kd4 (39. Kf3 $17) 39... R5xe7 ({Not} 39... R8xe7 40. Rxe7 Rxe7 41. Rxc3 $17) 40. Rxe7 Rxe7 41. Rxc3 {KR-KR} Ra7 42. Ra3 a4 43. g4 Ra5 44. Ke3 Kf7 45. Kd4 $2 (45. Kd3 {keeps fighting.}) 45... Ke6 $2 (45... g5 $19 {has better winning chances.} 46. hxg5 Rxg5) 46. Ke4 $17 Kf7 $2 (46... Ra6 $19 47. Kf4 Ra7) 47. Kf3 $2 {[%mdl 8192]} (47. Kd4 $11) 47... Kg7 $2 (47... g5 48. h5 f5 49. gxf5 Rxf5+ 50. Ke4 Ra5) 48. Kf4 $2 (48. Ke3) 48... g5+ $19 49. hxg5 fxg5+ 50. Ke4 Kf6 51. Kd4 Ke6 52. Re3+ Kd6 53. Ra3 Ra8 54. Ke4 {[#]} (54. Kc3 $19 Ke5 55. Kb4) 54... Kc5 55. Kf5 Ra5 56. Ra1 Kd4+ 57. Kg6 a3 58. Ra2 Ke4 59. Kh5 Kf4 60. Rf2+ Ke3 61. Ra2 Kd4 62. Kg6 $1 Kc4 {Black mates.} 63. Rxa3 Rxa3 64. Kxg5 Kd5 {Accuracy: White = 42%, Black = 60%.} 0-1

[Event "23rd Hoogeveen Open 2019"]
[Site "Hoogeveen"]
[Date "2019.10.25"]
[Round "8.2"]
[White "Moksh Amit Doshi"]
[Black "Seul, Georg"]
[Result "1-0"]
[WhiteElo "2328"]
[BlackElo "2411"]
[Annotator "NA"]
[PlyCount "123"]
[EventDate "2019.10.19"]
[EventType "swiss"]
[EventCountry "NED"]
[SourceTitle "playchess.com"]
[Source "ChessBase"]
[SourceQuality "1"]
[TimeControl "40/5400+30:1800+30"]

1. d4 {[%emt 0:00:14]} Nf6 {[%emt 0:00:00]} 2. c4 {[%emt 0:00:07]} e6 {[%emt 0:00:00]} 3. Nc3 {[%emt 0:00:05]} Bb4 {[%emt 0:00:02]} 4. f3 {[%emt 0:00:08]} O-O {[%emt 0:01:00]} 5. a3 {[%emt 0:00:07]} Bxc3+ {[%emt 0:00:53]} 6. bxc3 {[%emt 0:00:07]} Ne8 {[%emt 0:00:16]} 7. e4 {[%emt 0:00:57]} b6 {[%emt 0:00:18]} 8. Bd3 {[%emt 0:02:02]} Ba6 {[%emt 0:02:37]} 9. Nh3 {[%emt 0:08:23]} Nc6 {[%emt 0:01:38]} 10. e5 {[%emt 0:05:36]} Qh4+ {[%emt 0:15:04]} 11. Nf2 {[%emt 0:06:39]} Na5 {[%emt 0:15:37]} 12. g3 {[%emt 0:10:26]} Qe7 {[%emt 0:07:20]} 13. Qe2 {[%emt 0:02:08]} d5 {[%emt 0:03:18]} 14. cxd5 {[%emt 0:07:34]} Bxd3 {[%emt 0:00:07]} 15. Nxd3 {[%emt 0:00:06]} exd5 {[%emt 0:00:09]} 16. a4 {[%emt 0:01:34]} c5 {[%emt 0:11:30]} 17. O-O {[%emt 0:03:45]} Nb3 {[%emt 0:09:43]} 18. Rb1 {[%emt 0:03:09]} Nxc1 {[%emt 0:00:07]} 19. Rbxc1 {[%emt 0:00:28]} c4 {[%emt 0:10:01]} 20. Nf4 {[%emt 0:03:41]} Nc7 {[%emt 0:00:14]} 21. Rce1 {[%emt 0:01:02]} Qd7 {[%emt 0:02:37]} 22. Nh5 {[%emt 0:01:36]} Qxa4 {[%emt 0:06:59]} 23. f4 {[%emt 0:02:25]} Qd7 {[%emt 0:07:25]} 24. f5 {[%emt 0:01:01]} f6 {[%emt 0:00:05]} 25. Qg4 {[%emt 0:01:40]} Kh8 {[%emt 0:00:05]} 26. e6 {[%emt 0:00:14]} Qe7 {[%emt 0:00:05]} 27. Nf4 {[%emt 0:00:13]} Kg8 {[%emt 0:02:08]} 28. Ng6 {[%emt 0:00:15]} Qd6 {[%emt 0:00:51]} 29. Nxf8 {[%emt 0:00:31]} Rxf8 {[%emt 0:00:11]} 30. Qh5 {[%emt 0:04:19]} Qe7 {[%emt 0:02:05]} 31. Rf4 {[%emt 0:00:43]} Nb5 {[%emt 0:02:08]} 32. Rh4 {[%emt 0:00:30]} h6 {[%emt 0:00:02]} 33. Qf3 {[%emt 0:01:21]} Nc7 {[%emt 0:00:10]} 34. Rf1 {[%emt 0:00:23]} Kh7 {[%emt 0:00:17]} 35. Qg4 {[%emt 0:00:33]} Qe8 {[%emt 0:00:24]} 36. Rf4 {[%emt 0:01:06]} Rg8 {[%emt 0:00:31]} 37. Qh3 {[%emt 0:00:30]} Qe7 {[%emt 0:01:23]} 38. Rh5 {[%emt 0:00:48]} Qa3 {[%emt 0:00:05]} 39. Qg4 {[%emt 0:00:14]} Qc1+ {[%emt 0:00:08]} 40. Kg2 {[%emt 0:00:54]} g5 {[%emt 0:00:52]} 41. fxg6+ {[%emt 0:33:39]} Rxg6 {[%emt 0:02:50]} 42. Qf5 {[%emt 0:00:00]} Qe3 {[%emt 0:10:43]} 43. Rg4 {[%emt 0:00:00]} Qe2+ {[%emt 0:00:52]} 44. Kh3 {[%emt 0:00:00]} Qxg4+ {[%emt 0:00:13]} 45. Qxg4 {[%emt 0:00:00]} Rxg4 {[%emt 0:00:04]} 46. Kxg4 {[%emt 0:00:00]} Kg6 {[%emt 0:00:34]} 47. e7 {[%emt 0:00:00]} Kf7 {[%emt 0:01:11]} 48. Rxh6 {[%emt 0:00:00]} Kxe7 {[%emt 0:03:31]} 49. Rh7+ {[%emt 0:00:00]} Kd6 {[%emt 0:00:05]} 50. Rf7 {[%emt 0:00:00]} Nb5 {[%emt 0:07:10]} 51. Rxf6+ {[%emt 0:00:00]} Ke7 {[%emt 0:00:04]} 52. Rf3 {[%emt 0:00:00]} a5 {[%emt 0:00:13]} 53. h4 {[%emt 0:00:00]} Nd6 {[%emt 0:07:31]} 54. h5 {[%emt 0:00:00]} Nf7 {[%emt 0:00:26]} 55. Kf5 {[%emt 0:00:00]} b5 {[%emt 0:00:09]} 56. Kg6 {[%emt 0:00:00]} Nh8+ {[%emt 0:00:19]} 57. Kg7 {[%emt 0:00:00]} b4 {[%emt 0:00:03]} 58. Kxh8 {[%emt 0:00:00]} b3 {[%emt 0:00:04]} 59. h6 {[%emt 0:00:00]} b2 {[%emt 0:00:11]} 60. Rf1 {[%emt 0:00:00]} a4 {[%emt 0:01:06]} 61. h7 {[%emt 0:00:00]} a3 {[%emt 0:00:08]} 62. Kg8 {[%emt 0:00:00]} 1-0

[Event "23rd Hoogeveen Open 2019"]
[Site "Hoogeveen"]
[Date "2019.10.25"]
[Round "8.3"]
[White "Schoppen, Casper"]
[Black "Morozov, Nichita"]
[Result "1-0"]
[WhiteElo "2508"]
[BlackElo "2394"]
[Annotator "ChessBase"]
[PlyCount "77"]
[EventDate "2019.10.19"]
[EventType "swiss"]
[EventCountry "NED"]
[SourceTitle "playchess.com"]
[Source "ChessBase"]
[SourceQuality "1"]
[TimeControl "40/5400+30:1800+30"]

1. e4 {[%emt 0:00:00]} d6 {[%emt 0:00:00]} 2. d4 {[%emt 0:00:00]} Nf6 {[%emt 0:00:00]} 3. Nc3 {[%emt 0:00:00]} e5 {[%emt 0:00:00]} 4. Nf3 {[%emt 0:00:00]} Nbd7 {[%emt 0:00:00]} 5. Bc4 {[%emt 0:00:00]} Be7 {[%emt 0:00:00]} 6. O-O {[%emt 0:00:03]} O-O {[%emt 0:00:00]} 7. Re1 {[%emt 0:00:24]} Nb6 {[%emt 0:10:17]} 8. Bf1 {[%emt 0:05:57]} exd4 {[%emt 0:01:28]} 9. Nxd4 {[%emt 0:00:34]} Re8 {[%emt 0:00:21]} 10. a4 {[%emt 0:04:06]} a5 {[%emt 0:00:38]} 11. Bf4 {[%emt 0:00:58]} Nfd7 {[%emt 0:01:30]} 12. Qd2 {[%emt 0:04:10]} Bf6 {[%emt 0:08:33]} 13. Ndb5 {[%emt 0:17:47]} Ne5 {[%emt 0:05:17]} 14. b3 {[%emt 0:04:14]} Be6 {[%emt 0:09:40]} 15. Be3 {[%emt 0:06:12]} Ned7 {[%emt 0:03:22]} 16. Rad1 {[%emt 0:02:41]} Be7 {[%emt 0:07:31]} 17. f4 {[%emt 0:10:08]} Bg4 {[%emt 0:03:20]} 18. Rb1 {[%emt 0:05:20]} Nc5 {[%emt 0:00:44]} 19. h3 {[%emt 0:04:24]} Bd7 {[%emt 0:00:54]} 20. Qf2 {[%emt 0:04:22]} Bxb5 {[%emt 0:11:31]} 21. Bxb5 {[%emt 0:00:49]} c6 {[%emt 0:00:06]} 22. Bxc5 {[%emt 0:03:33]} dxc5 {[%emt 0:00:05]} 23. Red1 {[%emt 0:02:13]} Qc7 {[%emt 0:00:21]} 24. Bd3 {[%emt 0:01:21]} Rad8 {[%emt 0:01:52]} 25. e5 {[%emt 0:02:18]} Nd5 {[%emt 0:03:08]} 26. Ne4 {[%emt 0:04:21]} f6 {[%emt 0:03:42]} 27. c4 {[%emt 0:11:49]} Nb4 {[%emt 0:00:29]} 28. exf6 {[%emt 0:00:28]} gxf6 {[%emt 0:12:42]} 29. Bf1 {[%emt 0:00:25]} b6 {[%emt 0:04:18]} 30. Re1 {[%emt 0:02:34]} Kh8 {[%emt 0:02:25]} 31. Re3 {[%emt 0:00:46]} Qd7 {[%emt 0:02:00]} 32. Rbe1 {[%emt 0:00:58]} Rg8 {[%emt 0:02:13]} 33. Ng3 {[%emt 0:00:53]} Rde8 {[%emt 0:00:35]} 34. Qe2 {[%emt 0:01:26]} Rg7 {[%emt 0:00:35]} 35. Kh2 {[%emt 0:00:28]} Kg8 {[%emt 0:01:05]} 36. Re6 {[%emt 0:00:29]} Qc7 {[%emt 0:00:32]} 37. Nh5 {[%emt 0:00:37]} Rf7 {[%emt 0:00:10]} 38. Nxf6+ {[%emt 0:00:37]} Rxf6 {[%emt 0:00:17]} 39. Rxf6 {[%emt 0:00:05]} 1-0

[Event "23rd Hoogeveen Open 2019"]
[Site "Hoogeveen"]
[Date "2019.10.25"]
[Round "8.4"]
[White "Elgersma, Onno"]
[Black "Beerdsen, Thomas"]
[Result "0-1"]
[WhiteElo "2306"]
[BlackElo "2472"]
[Annotator "ChessBase"]
[PlyCount "54"]
[EventDate "2019.10.19"]
[EventType "swiss"]
[EventCountry "NED"]
[SourceTitle "playchess.com"]
[Source "ChessBase"]
[SourceQuality "1"]
[TimeControl "40/5400+30:1800+30"]

1. e4 {[%emt 0:00:00]} c5 {[%emt 0:00:00]} 2. Nf3 {[%emt 0:00:00]} e6 {[%emt 0:00:00]} 3. d4 {[%emt 0:00:00]} cxd4 {[%emt 0:00:00]} 4. Nxd4 {[%emt 0:00:00]} Nc6 {[%emt 0:00:00]} 5. Nc3 {[%emt 0:00:00]} Qc7 {[%emt 0:00:00]} 6. Be3 {[%emt 0:00:00]} a6 {[%emt 0:00:00]} 7. Qd2 {[%emt 0:00:00]} Nf6 {[%emt 0:00:02]} 8. f4 {[%emt 0:00:01]} Bb4 {[%emt 0:00:05]} 9. Bd3 {[%emt 0:00:05]} b5 {[%emt 0:00:03]} 10. a3 {[%emt 0:00:30]} Be7 {[%emt 0:00:06]} 11. e5 {[%emt 0:02:33]} Ng4 {[%emt 0:01:07]} 12. Bg1 {[%emt 0:09:03]} Bb7 {[%emt 0:16:22]} 13. Ne4 {[%emt 0:08:53]} f5 {[%emt 0:04:39]} 14. exf6 {[%emt 0:13:28]} Nxf6 {[%emt 0:01:19]} 15. Ng5 {[%emt 0:07:22]} O-O {[%emt 0:02:11]} 16. O-O-O {[%emt 0:04:56]} b4 {[%emt 0:08:14]} 17. a4 {[%emt 0:10:29]} h6 {[%emt 0:06:18]} 18. h4 {[%emt 0:12:26]} hxg5 {[%emt 0:08:40]} 19. hxg5 {[%emt 0:01:50]} Nxd4 {[%emt 0:00:45]} 20. Bxd4 {[%emt 0:01:28]} Ne4 {[%emt 0:00:06]} 21. Bxe4 {[%emt 0:01:10]} Bxe4 {[%emt 0:00:06]} 22. Bxg7 {[%emt 0:05:59]} Rxf4 {[%emt 0:06:44]} 23. Bd4 {[%emt 0:03:47]} e5 {[%emt 0:01:06]} 24. g3 {[%emt 0:01:41]} Rg4 {[%emt 0:01:25]} 25. Rh4 {[%emt 0:03:02]} Rxh4 {[%emt 0:00:25]} 26. gxh4 {[%emt 0:00:11]} exd4 {[%emt 0:00:06]} 27. Re1 {[%emt 0:00:15]} d5 {[%emt 0:00:13]} 0-1

[Event "23rd Hoogeveen Open 2019"]
[Site "Hoogeveen"]
[Date "2019.10.25"]
[Round "8.5"]
[White "Hilwerda, Jonas"]
[Black "Akash, Ganesan"]
[Result "0-1"]
[WhiteElo "2229"]
[BlackElo "2449"]
[Annotator "NA"]
[PlyCount "104"]
[EventDate "2019.10.19"]
[EventType "swiss"]
[EventCountry "NED"]
[SourceTitle "playchess.com"]
[Source "ChessBase"]
[SourceQuality "1"]
[TimeControl "40/5400+30:1800+30"]

1. e4 {[%emt 0:00:00]} c5 {[%emt 0:00:00]} 2. Nf3 {[%emt 0:00:00]} d6 {[%emt 0:00:00]} 3. d4 {[%emt 0:00:00]} cxd4 {[%emt 0:00:00]} 4. Nxd4 {[%emt 0:00:00]} Nf6 {[%emt 0:00:00]} 5. Nc3 {[%emt 0:00:00]} Nc6 {[%emt 0:00:00]} 6. Nd5 {[%emt 0:00:00]} Nxd5 {[%emt 0:07:39]} 7. exd5 {[%emt 0:00:03]} Qa5+ {[%emt 0:01:07]} 8. Bd2 {[%emt 0:00:05]} Qxd5 {[%emt 0:00:38]} 9. Nb5 {[%emt 0:00:05]} Qe6+ {[%emt 0:08:39]} 10. Be2 {[%emt 0:00:07]} Qd7 {[%emt 0:00:10]} 11. c4 {[%emt 0:00:07]} a6 {[%emt 0:02:36]} 12. Nc3 {[%emt 0:00:27]} e6 {[%emt 0:02:55]} 13. Bf4 {[%emt 0:00:30]} Be7 {[%emt 0:01:39]} 14. Qd2 {[%emt 0:01:03]} O-O {[%emt 0:03:49]} 15. Rd1 {[%emt 0:02:53]} Rd8 {[%emt 0:05:58]} 16. O-O {[%emt 0:01:06]} b5 {[%emt 0:10:38]} 17. cxb5 {[%emt 0:03:57]} axb5 {[%emt 0:00:18]} 18. Bxb5 {[%emt 0:00:01]} Ba6 {[%emt 0:02:04]} 19. Qe2 {[%emt 0:14:33]} Bxb5 {[%emt 0:03:46]} 20. Qxb5 {[%emt 0:00:15]} Rdb8 {[%emt 0:07:04]} 21. Qe2 {[%emt 0:05:32]} Rb4 {[%emt 0:00:35]} 22. Bxd6 {[%emt 0:16:01]} Bxd6 {[%emt 0:01:39]} 23. Nb5 {[%emt 0:00:08]} Bxh2+ {[%emt 0:07:10]} 24. Kxh2 {[%emt 0:00:50]} Qb7 {[%emt 0:00:27]} 25. Nc3 {[%emt 0:07:06]} Rxb2 {[%emt 0:01:38]} 26. Qe4 {[%emt 0:01:22]} Rb4 {[%emt 0:02:17]} 27. Qf3 {[%emt 0:02:26]} Ne5 {[%emt 0:02:37]} 28. Qxb7 {[%emt 0:01:50]} Rxb7 {[%emt 0:01:19]} 29. Rb1 {[%emt 0:00:19]} Rc7 {[%emt 0:05:34]} 30. Rb3 {[%emt 0:03:31]} h5 {[%emt 0:01:35]} 31. a4 {[%emt 0:04:13]} Rc4 {[%emt 0:01:55]} 32. Ra1 {[%emt 0:00:00]} Nc6 {[%emt 0:00:26]} 33. Rab1 {[%emt 0:03:34]} Kh7 {[%emt 0:04:04]} 34. Ra3 {[%emt 0:00:38]} g5 {[%emt 0:02:18]} 35. Rb5 {[%emt 0:01:52]} Kg6 {[%emt 0:00:10]} 36. f3 {[%emt 0:00:44]} f5 {[%emt 0:02:02]} 37. Kg3 {[%emt 0:00:39]} Nd4 {[%emt 0:02:41]} 38. Rb2 {[%emt 0:00:01]} h4+ {[%emt 0:00:35]} 39. Kh2 {[%emt 0:02:37]} Ra5 {[%emt 0:05:58]} 40. Rb6 {[%emt 0:02:29]} Kf6 {[%emt 0:00:00]} 41. Kh3 {[%emt 0:31:58]} Rac5 {[%emt 0:14:14]} 42. Nd1 {[%emt 0:00:00]} g4+ {[%emt 0:03:48]} 43. Kxh4 {[%emt 0:00:00]} gxf3 {[%emt 0:02:52]} 44. Kh3 {[%emt 0:00:00]} Rc1 {[%emt 0:04:54]} 45. Ne3 {[%emt 0:00:00]} f2 {[%emt 0:00:40]} 46. Kg3 {[%emt 0:00:00]} f1=Q {[%emt 0:00:41]} 47. Nxf1 {[%emt 0:00:00]} Rxf1 {[%emt 0:00:04]} 48. a5 {[%emt 0:00:00]} f4+ {[%emt 0:00:26]} 49. Kh2 {[%emt 0:00:00]} Rh5+ {[%emt 0:01:03]} 50. Rh3 {[%emt 0:00:00]} Rxh3+ {[%emt 0:00:07]} 51. Kxh3 {[%emt 0:00:04]} Kf5 {[%emt 0:00:09]} 52. Kh2 {[%emt 0:00:08]} Ne2 {[%emt 0:00:10]} 0-1

[Event "23rd Hoogeveen Open 2019"]
[Site "Hoogeveen"]
[Date "2019.10.25"]
[Round "8.6"]
[White "Romanishin, Oleg M"]
[Black "Jonkman, Harmen"]
[Result "1/2-1/2"]
[WhiteElo "2441"]
[BlackElo "2383"]
[Annotator "NA"]
[PlyCount "49"]
[EventDate "2019.10.19"]
[EventType "swiss"]
[EventCountry "NED"]
[SourceTitle "playchess.com"]
[Source "ChessBase"]
[SourceQuality "1"]
[TimeControl "40/5400+30:1800+30"]

1. d4 {[%emt 0:02:37]} d5 {[%emt 0:00:00]} 2. Nf3 {[%emt 0:00:04]} Nf6 {[%emt 0:00:00]} 3. c4 {[%emt 0:00:03]} dxc4 {[%emt 0:00:00]} 4. e3 {[%emt 0:00:04]} e6 {[%emt 0:00:15]} 5. Bxc4 {[%emt 0:00:08]} a6 {[%emt 0:00:08]} 6. O-O {[%emt 0:00:28]} c5 {[%emt 0:00:22]} 7. Bb3 {[%emt 0:00:08]} cxd4 {[%emt 0:07:41]} 8. exd4 {[%emt 0:04:05]} Nc6 {[%emt 0:00:27]} 9. Nc3 {[%emt 0:00:17]} Be7 {[%emt 0:00:07]} 10. Bf4 {[%emt 0:00:12]} O-O {[%emt 0:00:17]} 11. Rc1 {[%emt 0:00:06]} Na5 {[%emt 0:15:06]} 12. Bc2 {[%emt 0:00:10]} b5 {[%emt 0:00:14]} 13. a4 {[%emt 0:01:29]} Bd7 {[%emt 0:40:00]} 14. Ne5 {[%emt 0:28:36]} Nc4 {[%emt 0:02:23]} 15. b3 {[%emt 0:18:38]} Nb6 {[%emt 0:00:08]} 16. Bg5 {[%emt 0:05:36]} bxa4 {[%emt 0:10:35]} 17. Nxa4 {[%emt 0:04:09]} Bb5 {[%emt 0:01:48]} 18. Bd3 {[%emt 0:03:56]} Nxa4 {[%emt 0:03:34]} 19. bxa4 {[%emt 0:00:09]} Bxd3 {[%emt 0:00:10]} 20. Qxd3 {[%emt 0:00:51]} Nd5 {[%emt 0:00:06]} 21. Nc6 {[%emt 0:08:02]} Qd7 {[%emt 0:01:42]} 22. Nxe7+ {[%emt 0:01:16]} Nxe7 {[%emt 0:00:02]} 23. Bxe7 {[%emt 0:00:09]} Qxe7 {[%emt 0:00:01]} 24. Rc6 {[%emt 0:00:08]} a5 {[%emt 0:02:17]} 25. Rfc1 {[%emt 0:04:18]} 1/2-1/2

[Event "23rd Hoogeveen Open 2019"]
[Site "Hoogeveen"]
[Date "2019.10.25"]
[Round "8.7"]
[White "Harutjunyan, Gevorg"]
[Black "Manush Shah"]
[Result "1-0"]
[WhiteElo "2428"]
[BlackElo "2352"]
[Annotator "NA"]
[PlyCount "57"]
[EventDate "2019.10.19"]
[EventType "swiss"]
[EventCountry "NED"]
[SourceTitle "playchess.com"]
[Source "ChessBase"]
[SourceQuality "1"]
[TimeControl "40/5400+30:1800+30"]

1. e4 {[%emt 0:00:00]} c6 {[%emt 0:00:31]} 2. d4 {[%emt 0:00:00]} d5 {[%emt 0:00:04]} 3. e5 {[%emt 0:00:00]} Bf5 {[%emt 0:00:12]} 4. h4 {[%emt 0:00:07]} h5 {[%emt 0:00:07]} 5. c4 {[%emt 0:00:02]} e6 {[%emt 0:00:45]} 6. Nc3 {[%emt 0:00:04]} Ne7 {[%emt 0:00:19]} 7. Nge2 {[%emt 0:00:14]} Nd7 {[%emt 0:02:05]} 8. Ng3 {[%emt 0:00:04]} Bg6 {[%emt 0:00:28]} 9. Bg5 {[%emt 0:01:30]} Qb6 {[%emt 0:03:36]} 10. Qd2 {[%emt 0:00:30]} Nf5 {[%emt 0:02:15]} 11. Nxf5 {[%emt 0:00:52]} Bxf5 {[%emt 0:00:03]} 12. cxd5 {[%emt 0:00:10]} cxd5 {[%emt 0:01:31]} 13. Rc1 {[%emt 0:05:50]} f6 {[%emt 0:09:39]} 14. exf6 {[%emt 0:00:24]} gxf6 {[%emt 0:02:11]} 15. Be3 {[%emt 0:00:07]} Rc8 {[%emt 0:02:19]} 16. Be2 {[%emt 0:02:22]} Bd6 {[%emt 0:05:39]} 17. O-O {[%emt 0:02:15]} Kf7 {[%emt 0:02:05]} 18. Nb5 {[%emt 0:10:35]} Rcg8 {[%emt 0:07:40]} 19. Bf4 {[%emt 0:09:17]} Bxf4 {[%emt 0:02:05]} 20. Qxf4 {[%emt 0:00:07]} Bh3 {[%emt 0:02:29]} 21. Kh2 {[%emt 0:05:29]} Bxg2 {[%emt 0:01:56]} 22. Rc7 {[%emt 0:14:31]} Ke7 {[%emt 0:24:35]} 23. Rfc1 {[%emt 0:00:58]} Be4 {[%emt 0:05:23]} 24. Rxd7+ {[%emt 0:02:45]} Kxd7 {[%emt 0:00:02]} 25. Rc7+ {[%emt 0:00:13]} Ke8 {[%emt 0:00:01]} 26. Nd6+ {[%emt 0:04:28]} Kd8 {[%emt 0:00:07]} 27. Nxb7+ {[%emt 0:00:11]} Ke8 {[%emt 0:00:13]} 28. Bb5+ {[%emt 0:00:41]} Qxb5 {[%emt 0:00:40]} 29. Nd6+ {[%emt 0:00:06]} 1-0

[Event "23rd Hoogeveen Open 2019"]
[Site "Hoogeveen"]
[Date "2019.10.25"]
[Round "8.8"]
[White "Okkes, Menno"]
[Black "Zwirs, Nico"]
[Result "1/2-1/2"]
[WhiteElo "2326"]
[BlackElo "2421"]
[Annotator "NA"]
[PlyCount "56"]
[EventDate "2019.10.19"]
[EventType "swiss"]
[EventCountry "NED"]
[SourceTitle "playchess.com"]
[Source "ChessBase"]
[SourceQuality "1"]
[TimeControl "40/5400+30:1800+30"]

1. Nf3 {[%emt 0:00:00]} d5 {[%emt 0:00:00]} 2. d4 {[%emt 0:00:00]} Nf6 {[%emt 0:00:00]} 3. c4 {[%emt 0:00:00]} e6 {[%emt 0:00:27]} 4. Nc3 {[%emt 0:00:14]} a6 {[%emt 0:02:36]} 5. cxd5 {[%emt 0:00:37]} exd5 {[%emt 0:00:02]} 6. Bg5 {[%emt 0:00:31]} Be6 {[%emt 0:00:16]} 7. Bxf6 {[%emt 0:06:35]} Qxf6 {[%emt 0:01:12]} 8. Qb3 {[%emt 0:00:05]} b5 {[%emt 0:06:02]} 9. a4 {[%emt 0:00:16]} b4 {[%emt 0:02:15]} 10. Nxd5 {[%emt 0:00:09]} Qd8 {[%emt 0:00:25]} 11. e4 {[%emt 0:00:15]} c6 {[%emt 0:03:26]} 12. Qe3 {[%emt 0:00:12]} cxd5 {[%emt 0:01:27]} 13. exd5 {[%emt 0:00:06]} Qxd5 {[%emt 0:00:21]} 14. Rc1 {[%emt 0:02:30]} Be7 {[%emt 0:42:24]} 15. Bd3 {[%emt 0:03:04]} Qd8 {[%emt 0:07:18]} 16. Be4 {[%emt 0:16:05]} Nd7 {[%emt 0:00:20]} 17. d5 {[%emt 0:07:01]} Rc8 {[%emt 0:12:57]} 18. dxe6 {[%emt 0:19:13]} Rxc1+ {[%emt 0:00:53]} 19. Qxc1 {[%emt 0:00:08]} fxe6 {[%emt 0:00:01]} 20. Qb1 {[%emt 0:16:03]} Qa5 {[%emt 0:02:11]} 21. O-O {[%emt 0:00:45]} Nf6 {[%emt 0:02:17]} 22. Bd3 {[%emt 0:08:46]} O-O {[%emt 0:00:40]} 23. Bc4 {[%emt 0:02:11]} Kh8 {[%emt 0:01:41]} 24. Bxe6 {[%emt 0:00:26]} Qxa4 {[%emt 0:03:13]} 25. b3 {[%emt 0:07:04]} Qb5 {[%emt 0:01:24]} 26. Re1 {[%emt 0:00:38]} Bd6 {[%emt 0:01:44]} 27. Qf5 {[%emt 0:02:14]} Qxf5 {[%emt 0:01:48]} 28. Bxf5 {[%emt 0:00:05]} a5 {[%emt 0:01:22]} 1/2-1/2

[Event "23rd Hoogeveen Open 2019"]
[Site "Hoogeveen"]
[Date "2019.10.25"]
[Round "8.9"]
[White "Vrolijk, Liam"]
[Black "Van Dael, Siem"]
[Result "1-0"]
[WhiteElo "2478"]
[BlackElo "2273"]
[Annotator "ChessBase"]
[PlyCount "49"]
[EventDate "2019.10.19"]
[EventType "swiss"]
[EventCountry "NED"]
[SourceTitle "playchess.com"]
[Source "ChessBase"]
[SourceQuality "1"]
[TimeControl "40/5400+30:1800+30"]

1. c4 {[%emt 0:00:00]} Nf6 {[%emt 0:00:00]} 2. Nc3 {[%emt 0:00:00]} g6 {[%emt 0:00:00]} 3. e4 {[%emt 0:00:21]} d6 {[%emt 0:00:00]} 4. d4 {[%emt 0:00:07]} Bg7 {[%emt 0:00:00]} 5. Be2 {[%emt 0:00:41]} O-O {[%emt 0:00:08]} 6. Be3 {[%emt 0:00:07]} c5 {[%emt 0:00:06]} 7. d5 {[%emt 0:00:24]} e6 {[%emt 0:00:07]} 8. Nf3 {[%emt 0:00:12]} exd5 {[%emt 0:00:07]} 9. cxd5 {[%emt 0:00:06]} b5 {[%emt 0:01:07]} 10. e5 {[%emt 0:02:26]} Ng4 {[%emt 0:00:06]} 11. Bg5 {[%emt 0:00:50]} Qb6 {[%emt 0:01:15]} 12. exd6 {[%emt 0:01:27]} b4 {[%emt 0:01:48]} 13. Ne4 {[%emt 0:02:48]} Re8 {[%emt 0:19:34]} 14. Nfd2 {[%emt 0:15:05]} Bf5 {[%emt 0:07:17]} 15. Be7 {[%emt 0:05:49]} c4 {[%emt 0:09:36]} 16. Bxg4 {[%emt 0:06:28]} c3 {[%emt 0:00:53]} 17. O-O {[%emt 0:10:01]} Bxg4 {[%emt 0:07:08]} 18. Qxg4 {[%emt 0:00:13]} cxd2 {[%emt 0:01:25]} 19. Ng5 {[%emt 0:09:55]} h6 {[%emt 0:04:20]} 20. Nxf7 {[%emt 0:08:53]} Rxe7 {[%emt 0:00:08]} 21. dxe7 {[%emt 0:02:03]} Kxf7 {[%emt 0:00:14]} 22. Rad1 {[%emt 0:12:20]} Qd6 {[%emt 0:03:25]} 23. e8=Q+ {[%emt 0:03:23]} Kxe8 {[%emt 0:00:31]} 24. Qc8+ {[%emt 0:00:21]} Qd8 {[%emt 0:01:56]} 25. Rfe1+ {[%emt 0:00:20]} 1-0